000 01541nam0a22003011 4500
001 v19\rc\1234639
005 20260407134304.0
035 _a(NLR Aleph) 004394386
090 _a3795214
_c3795214
100 _a20060306d1883 |||y0rusy50 ca
101 0 _arus
102 _aRU
105 _ay z |||||
200 1 _aДекларация [заключенная между Россией и Данией о взаимном признании мерительных свидетельств торговых судов. С.-Петербург]. 16/28 авг. 1883 г.
210 _a[Санкт-Петербург
_d1883]
215 _a[4] с.
300 _aПеред текстом: "Указ его императорского величества, самодержца всероссийского, из Правительствующего сената"
300 _aТекст парал. на рус. и фр. яз.
309 _aБез тит. л. и обл.
532 1 3 _aДекларация заключенная между Россией и Данией о взаимном признании мерительных свидетельств торговых судов. С.-Петербург]. 16/28 авг. 1883 г.
740 1 _aРоссия
_tДоговоры
_3RU\NLR\AUTH\889957979
_9412045
741 1 _aДания
_tДоговоры
_3RU\NLR\AUTH\8810080773
_9663753
801 0 _aRU
_bNLR
_gpsbo
801 1 _aRU
_bProSoft-M
_2rusmarc
852 _aNLR
_j18.138.1.400
942 _cBOOK
980 _aNB